Tottenham players since 2000 - Statistics

General Stats
  • This quiz has been taken 74 times
    60 since last reset
  • The average score is 84 of 228
Answer Stats
Ranking Player Positions Nationality Matches Goals Assists Periods % Correct
3 Harry Kane FW 317 213 44 2012-2023
100%
1 Hugo Lloris GK 361 0 0 2012-2023
100%
2 Son Heung-min MF, FW 333 127 71 2015-2025
98%
12 Christian Eriksen MF, FW 226 51 62 2013-2020
95%
16 Érik Lamela MF, FW 177 17 25 2013-2021
93%
11 Jan Vertonghen DF 232 6 4 2012-2020
93%
13 Kyle Walker DF, MF 183 4 15 2009-2017
93%
18 Gareth Bale MF, FW 166 53 22 2007-2012, 2020-2021
91%
203 Ian Walker GK 4 0 0 2000-2001
91%
17 Toby Alderweireld DF 174 8 4 2015-2021
91%
76 Darren Bent FW 60 18 5 2007-2009
89%
8 Ben Davies DF, MF 242 7 16 2014-2025
86%
34 Cristian Romero DF 100 7 1 2021-2025
86%
25 Davinson Sánchez DF 143 3 1 2017-2024
86%
31 Dejan Kulusevski MF, FW 116 22 22 2021-2025
86%
15 Mousa Dembélé MF 181 7 7 2012-2019
86%
43 Rodrigo Bentancur MF 84 8 7 2021-2025
86%
30 Simon Davies MF 118 13 13 2000-2005
86%
37 Emmanuel Adebayor FW 92 35 17 2011-2015
84%
22 Lucas Moura MF, FW 152 20 15 2017-2023
84%
47 Pape Matar Sarr MF 81 6 6 2022-2025
84%
51 Yves Bissouma DF, MF 79 2 0 2022-2025
84%
29 Luka Modrić MF 127 13 15 2008-2012
82%
23 Pierre Højbjerg MF 145 8 11 2020-2024
82%
64 Victor Wanyama MF 69 6 1 2016-2020
82%
65 Brennan Johnson MF, FW 65 16 13 2023-2025
80%
19 Danny Rose DF, MF 156 8 17 2009-2011, 2013-2020
80%
5 Eric Dier DF, MF 274 12 10 2014-2024
80%
60 Richarlison MF, FW 70 16 8 2022-2025
80%
14 Dele Alli MF, FW 181 51 34 2015-2022
77%
110 Micky van de Ven DF 40 3 2 2023-2025
77%
45 Pedro Porro DF, MF 83 8 16 2022-2025
77%
58 Dimitar Berbatov FW 70 27 18 2006-2009
75%
72 Guglielmo Vicario GK 62 0 0 2023-2025
75%
4 Jermain Defoe FW 276 91 19 2003-2014
75%
53 Giovani Lo Celso MF, FW 77 3 5 2019-2021, 2023-2024
73%
80 James Maddison MF, FW 59 13 16 2023-2025
73%
41 Nacer Chadli MF, FW 88 15 10 2013-2016
73%
9 Robbie Keane FW 238 91 22 2002-2011
73%
82 Gylfi Sigurðsson MF, FW 58 8 4 2012-2014
70%
28 Harry Winks MF 128 2 3 2016-2022
70%
84 Sergio Reguilón DF, MF 56 2 6 2020-2021, 2024-2025
68%
71 Tanguy Ndombele MF 63 6 5 2019-2022
68%
85 Destiny Udogie DF 53 2 4 2023-2025
66%
111 Ivan Perišić DF, MF, FW 39 1 9 2022-2024
66%
26 Moussa Sissoko MF, FW 141 3 7 2016-2021
66%
55 Serge Aurier DF, MF 77 5 12 2017-2021
66%
138 Radu Drăgușin DF 25 0 0 2023-2025
64%
78 Steven Bergwijn MF, FW 60 7 5 2019-2022
64%
121 Timo Werner MF, FW 31 2 6 2023-2025
61%
129 Dominic Solanke MF, FW 27 9 3 2024-2025
59%
62 Kieran Trippier DF, MF 69 2 14 2015-2019
59%
131 Lucas Bergvall MF 27 0 1 2024-2025
59%
54 Oliver Skipp DF, MF 77 1 0 2018-2019, 2021-2024
59%
6 Aaron Lennon MF, FW 266 26 45 2005-2015
57%
93 Brad Friedel GK 50 0 0 2011-2014
57%
115 Fernando Llorente FW 36 2 4 2017-2019
57%
146 Fraser Forster GK 21 0 0 2022-2023, 2024-2025
57%
79 Gary Doherty DF, FW 59 5 1 2000-2005
57%
170 Mathys Tel MF, FW 13 2 1 2024-2025
57%
104 Matt Doherty DF, MF 44 3 6 2020-2023
57%
20 Benoît Assou-Ekotto DF 155 4 8 2006-2013
55%
126 Clint Dempsey MF, FW 29 7 4 2012-2013
55%
36 Heurelho Gomes GK 95 0 0 2008-2011
55%
171 Michel Vorm GK 13 0 0 2014-2019
55%
102 Paulinho MF 45 6 3 2013-2015
55%
70 Rafael van der Vaart MF 63 24 15 2010-2013
55%
7 Ledley King DF, MF 264 10 8 2000-2012
52%
144 Paulo Gazzaniga GK 22 0 0 2017-2020
52%
148 Sol Campbell DF, FW 21 2 0 2000-2001
52%
122 Vincent Janssen FW 31 2 2 2016-2019
52%
139 Bryan Gil DF, MF, FW 24 0 1 2021-2024
50%
178 Fraizer Campbell FW 10 1 0 2008-2009
50%
87 Roberto Soldado FW 52 7 6 2013-2015
50%
38 Stephen Carr DF 90 4 5 2000-2001, 2002-2004
50%
50 Emerson DF, MF 79 4 2 2021-2024
48%
101 Nabil Bentaleb MF 46 0 3 2013-2016
48%
57 Peter Crouch FW 73 12 12 2009-2012
48%
48 Sandro MF 81 3 2 2010-2014
48%
49 Vedran Ćorluka DF 81 1 6 2008-2012
48%
159 Juan Foyth DF, MF 16 1 0 2018-2020
45%
179 Kevin Danso DF 10 0 0 2024-2025
45%
173 Kyle Walker-Peters DF 12 0 5 2017-2020
45%
10 Michael Dawson DF 236 7 5 2004-2014
45%
52 Roman Pavlyuchenko FW 78 21 7 2008-2012
45%
27 Paul Robinson GK 137 1 2 2004-2008
43%
133 Vlad Chiricheș DF 27 1 0 2013-2015
43%
66 Wilson Palacios MF 65 1 1 2008-2011
43%
196 Antonín Kinský GK 6 0 0 2024-2025
41%
128 Archie Gray DF, MF 28 0 0 2024-2025
41%
127 Djed Spence DF 29 1 2 2022-2023, 2024-2025
41%
164 Kevin Wimmer DF 15 0 0 2015-2017
41%
86 Ryan Mason MF 53 2 4 2014-2016
41%
33 Younès Kaboul DF 110 6 3 2007-2008, 2009-2015
41%
21 Jermaine Jenas MF 155 21 18 2005-2010, 2012-2013
39%
199 Manor Solomon FW 5 0 2 2023-2024
39%
99 Mido FW 48 14 6 2004-2007
39%
97 Niko Kranjčar MF 49 9 7 2009-2012
39%
161 Wilson Odobert MF, FW 16 1 0 2024-2025
39%
156 Giovani dos Santos MF, FW 17 0 0 2008-2012
36%
68 Michael Carrick MF 64 2 10 2004-2006
36%
112 Ryan Sessegnon DF, MF, FW 38 2 2 2019-2020, 2021-2023
36%
75 William Gallas DF 61 1 0 2010-2013
36%
224 Harvey White MF 1 0 0 2022-2023
34%
95 Scott Parker MF 50 0 2 2011-2013
34%
135 Clément Lenglet DF 26 0 2 2022-2023
32%
39 Didier Zokora MF 88 0 0 2006-2009
32%
136 Lewis Holtby MF 25 1 2 2012-2015
32%
61 Teddy Sheringham FW 70 22 7 2001-2003
32%
24 Tom Huddlestone MF 144 8 20 2005-2013
32%
216 Adam Smith DF, MF 1 0 0 2011-2012
30%
89 Alan Hutton DF 51 2 2 2007-2011
30%
219 Brandon Austin GK 1 0 0 2024-2025
30%
151 Carlo Cudicini GK 19 0 0 2008-2011
30%
149 Federico Fazio DF 20 0 0 2014-2015
30%
77 Frédéric Kanouté FW 60 14 7 2003-2006
30%
46 Gus Poyet MF 82 18 8 2001-2004
30%
165 Sean Davis MF 15 0 2 2004-2005
30%
92 Andros Townsend MF, FW 50 3 2 2012-2016
27%
184 Arnaut Danjuma MF, FW 9 1 0 2022-2023
27%
176 Eiður Guðjohnsen MF, FW 11 1 0 2009-2010
27%
130 Japhet Tanganga DF 27 0 0 2019-2023
27%
103 Sébastien Bassong DF 45 2 0 2009-2012
27%
154 Steven Caulker DF 18 2 1 2012-2013
27%
182 Steven Pienaar MF 10 0 1 2010-2012
27%
132 Tom Carroll MF 27 1 1 2012-2013, 2015-2017
27%
185 Carlos Vinícius MF, FW 9 1 0 2020-2021
25%
189 Clinton N'Jie MF, FW 8 0 1 2015-2016
25%
187 Dane Scarlett MF, FW 9 0 1 2020-2021, 2023-2025
25%
105 David Bentley MF 42 2 3 2008-2011
25%
163 Joe Rodon DF 15 0 0 2020-2022
25%
142 Luke Young DF 23 0 0 2000-2001
25%
215 Troy Parrott FW 2 0 0 2019-2020
25%
35 Darren Anderton MF 98 6 18 2000-2004
23%
140 Étienne Capoue MF 24 1 0 2013-2015
23%
166 Kevin-Prince Boateng MF, FW 14 0 0 2007-2009
23%
174 Mikey Moore MF, FW 12 0 1 2023-2025
23%
188 Alejo Véliz FW 8 1 0 2023-2024
20%
100 Christian Ziege DF, MF 47 7 10 2001-2004
20%
192 Gedson Fernandes DF, MF 7 0 0 2019-2020
20%
177 Georges-Kévin N'Koudou MF, FW 11 0 1 2016-2020
20%
116 Jake Livermore MF 36 0 1 2009-2010, 2011-2013
20%
118 Jamie O'Hara MF 34 2 0 2007-2010
20%
67 Les Ferdinand FW 64 21 3 2000-2003
20%
180 Louis Saha FW 10 3 1 2011-2012
20%
63 Pascal Chimbonda DF 69 3 9 2006-2009
20%
172 Benjamin Stambouli DF, MF 12 0 0 2014-2015
18%
98 Jamie Redknapp MF 48 4 2 2002-2005
18%
96 Jonathan Woodgate DF 49 2 0 2007-2010
18%
91 Steffen Iversen FW 51 7 5 2000-2003
18%
143 Danny Murphy MF 22 1 1 2005-2007
16%
206 Jamie Donley FW 3 0 0 2023-2024
16%
42 Kasey Keller GK 85 0 1 2001-2004
16%
106 Kyle Naughton DF 42 0 1 2009-2010, 2012-2015
16%
59 Lee Young-pyo DF 70 0 0 2005-2008
16%
107 Paul Stalteri DF, MF 42 2 1 2005-2008
16%
124 Pedro Mendes MF 30 1 1 2004-2006
16%
74 Teemu Tainio MF 61 3 4 2005-2008
16%
134 Andy Reid MF 26 1 2 2004-2006
14%
221 DeAndre Yedlin DF, MF 1 0 0 2014-2015
14%
108 Edgar Davids MF 40 1 2 2005-2007
14%
147 Hossam Ghaly MF 21 1 2 2006-2007
14%
94 Michael Brown MF 50 2 4 2003-2006
14%
73 Steed Malbranque MF 62 6 6 2006-2008
14%
69 Neil Sullivan GK 64 0 0 2000-2002
11%
119 Øyvind Leonhardsen MF 32 3 5 2000-2002
11%
160 Radek Černý GK 16 0 1 2004-2005, 2007-2008
11%
200 Ryan Nelsen DF 5 0 0 2011-2012
11%
83 Steffen Freund MF 58 0 0 2000-2003
11%
88 Tim Sherwood MF 52 2 3 2000-2002
11%
201 Wayne Routledge MF, FW 5 0 0 2005-2006, 2007-2008
11%
183 Adel Taarabt MF, FW 9 0 0 2006-2009
9%
217 Alfie Dorrington DF 1 0 0 2024-2025
9%
32 Anthony Gardner DF 114 2 0 2000-2008
9%
158 Bobby Zamora FW 16 0 2 2003-2004
9%
56 Dean Richards DF 73 4 2 2001-2004
9%
120 Erik Edman DF 31 1 2 2004-2006
9%
193 Gilberto DF, MF 7 1 0 2007-2009
9%
152 Hélder Postiga FW 19 1 1 2003-2004
9%
225 Iago Falque MF, FW 1 0 0 2012-2013
9%
204 Kazuyuki Toda MF 4 0 0 2002-2003
9%
228 Matthew Craig MF 1 0 0 2022-2023
9%
123 Noureddine Naybet DF 30 1 0 2004-2006
9%
81 Serhiy Rebrov MF, FW 59 10 7 2000-2002
9%
155 Timothée Atouba DF 18 1 0 2004-2005
9%
210 Will Lankshear MF, FW 3 0 0 2024-2025
9%
211 Alex Pritchard MF, FW 2 0 0 2013-2014, 2015-2016
7%
114 Ben Thatcher DF 36 0 1 2000-2003
7%
44 Chris Perry DF 83 2 0 2000-2003
7%
190 Dean Marney MF 8 2 1 2003-2005
7%
90 Goran Bunjevčević DF 51 0 2 2001-2005
7%
191 Grzegorz Rasiak FW 8 0 0 2005-2006
7%
150 Johnnie Jackson MF 20 1 2 2003-2006
7%
169 Josh Onomah MF, FW 13 0 0 2015-2017
7%
40 Mauricio Taricco DF 88 2 2 2000-2004
7%
194 Mbulelo Mabizela DF, MF 7 1 0 2003-2005
7%
157 Milenko Ačimovič MF 17 0 2 2002-2003
7%
175 Paul Konchesky DF, FW 12 0 1 2003-2004
7%
181 Ramon Vega DF 10 0 0 2000-2001
7%
141 Reto Ziegler DF, MF 24 1 1 2004-2005, 2006-2007
7%
167 Ricardo Rocha DF 14 0 0 2006-2008
7%
125 Rohan Ricketts MF 30 1 1 2003-2005
7%
145 Stéphane Dalmat MF 22 3 1 2003-2004
7%
168 Willem Korsten MF 14 3 0 2000-2001
7%
195 Zeki Fryers DF 7 0 0 2013-2014
7%
153 Alton Thelwell DF 18 0 0 2000-2002
5%
218 Ben Alnwick GK 1 0 0 2009-2010
5%
162 Calum Davenport DF 15 1 0 2004-2007
5%
220 Cameron Lancaster FW 1 0 0 2011-2012
5%
186 Chris Armstrong FW 9 2 0 2000-2001
5%
197 Chris Gunter DF, MF 5 0 0 2007-2009
5%
222 Filip Lesniak MF 1 0 0 2016-2017
5%
223 George Abbott MF 1 0 0 2022-2023
5%
226 Jamie Slabber FW 1 0 0 2002-2003
5%
212 Jonathan Blondel MF 2 0 0 2002-2004
5%
213 José Dominguez MF 2 0 0 2000-2001
5%
207 Lee Barnard FW 3 0 0 2005-2006
5%
214 Miloš Veljković DF 2 0 0 2013-2014
5%
137 Noé Pamarot DF 25 1 1 2004-2006
5%
117 Stephen Clemence MF 35 1 7 2000-2002
5%
113 Stephen Kelly DF 37 2 0 2003-2006
5%
202 Andy Booth FW 4 0 0 2000-2001
2%
205 Dave McEwen FW 3 0 0 2000-2001
2%
198 John Piercy MF 5 0 0 2000-2001
2%
227 Luke Amos MF 1 0 0 2018-2019
2%
208 Mark Yeates DF, FW 3 0 0 2003-2005
2%
109 Matthew Etherington MF 40 1 4 2000-2003
2%
209 Philip Ifil DF 3 0 0 2004-2005, 2006-2007
2%
No matching quizzes found
Score Distribution
Percent of People with Each Score
Percentile by Number Answered
Your Score History
You have not taken this quiz since the last reset